Bảo vệ và phục hồi Windows NT /

Giới thiệu phương pháp lập kế hoạch sao lưu và phục hồi, các đặc tính dung lỗi cài sẵn, các thiết bị lưu trữ có triển vọng, sao lưu dữ liệu, Mirroring, Clusterning, Parallelism, bảo vệ hệ thống Windows NT khỏi nạn virus, bảo mật, khảo sát mạng.......

Πλήρης περιγραφή

Αποθηκεύτηκε σε:
Λεπτομέρειες βιβλιογραφικής εγγραφής
Συγγραφή απο Οργανισμό/Αρχή: VN-Guide (biên dịch.)
Μορφή: Βιβλίο
Γλώσσα:Vietnamese
Έκδοση: Tp.HCM : Thống kê, 1999.
Θέματα:
Ετικέτες: Προσθήκη ετικέτας
Δεν υπάρχουν, Καταχωρήστε ετικέτα πρώτοι!
Thư viện lưu trữ: Mạng thư viện Đại học Đà Nẵng
LEADER 01273cam a2200373 i 4500
001 000042794
003 669
005 20041103111853.0
008 010217b1999 vm 000 vie
020 |c 65000 
022 |a T 
040 |a IRC  |c IRC  |d IRC 
041 0 |a vie 
082 1 4 |a 005.3684  |b Ba-V 
245 0 0 |a Bảo vệ và phục hồi Windows NT /  |c VN-Guide dịch. 
246 3 4 |a Bảo vệ và phục hồi mạng Windows NT. 
260 |a Tp.HCM :  |b Thống kê,  |c 1999. 
300 |a 657 tr. ;  |c 20,5 cm. 
520 3 |a Giới thiệu phương pháp lập kế hoạch sao lưu và phục hồi, các đặc tính dung lỗi cài sẵn, các thiết bị lưu trữ có triển vọng, sao lưu dữ liệu, Mirroring, Clusterning, Parallelism, bảo vệ hệ thống Windows NT khỏi nạn virus, bảo mật, khảo sát mạng.... 
630 0 4 |a Tin học. 
630 0 4 |a Windows. 
630 0 4 |a Computer programs. 
650 0 4 |a Windows NT (Hệ điều hành máy tính) 
710 2 |a VN-Guide,  |e biên dịch. 
OWN |a DUT 
999 |a From the UDN01 
TYP |a Monograph 
TYP |a Printed language 
980 |a Mạng thư viện Đại học Đà Nẵng